[Event "Enniscrone Sligo op-B"]
[Site "Enniscrone"]
[Date "2025.01.31"]
[Round "1"]
[White "Putar, Slavko"]
[Black "Goodfellow, Ruarai"]
[Result "1-0"]
[WhiteElo "1807"]
[BlackElo "1686"]
[PlyCount "97"]
[EventDate "2025.01.31"]
[EventType "swiss"]
[EventRounds "5"]
[EventCountry "IRL"]
[SourceTitle "CB06_2025"]
[SourceDate "2025.02.05"]
[SourceVersion "1"]
[SourceVersionDate "2025.02.05"]
[SourceQuality "1"]

1. e4 c5 2. c3 Nc6 3. d4 d5 4. exd5 Qxd5 5. Nf3 Bf5 6. Be2 Nf6 7. 0-0 cxd4 8. cxd4 Bxb1 9. Rxb1 Rd8 10. Qa4 e6 11. Bb5 a6 12. Bxc6+ Qxc6 13. Qxc6+ bxc6 14. Bg5 c5 15. Rfd1 Rd5 16. Rbc1 Ne4 17. Be3 Be7 18. dxc5 Rxd1+ 19. Rxd1 Bxc5 20. Bxc5 Nxc5 21. Rc1 Nb7 22. Rc8+ Nd8 23. Ra8 Kd7 24. Rxa6 Nc6 25. b3 Rc8 26. g3 h6 27. Kf1 Rc7 28. Ra4 Na7 29. Ke2 Nb5 30. Kd2 Nc3 31. Rd4+ Ke7 32. a4 Nd5 33. Ne5 Rb7 34. Kc2 Kf6 35. Nd3 Ra7 36. Kb2 Ke7 37. Ka3 Nb6 38. Nc5 Nd5 39. b4 Nc3 40. Kb3 Ne2 41. Rd2 Ng1 42. b5 Nf3 43. Rd1 Ne5 44. f4 Ng4 45. b6 Ra8 46. Rd7+ Ke8 47. b7 Rb8 48. Rc7 Kd8 49. Rxf7 1-0

[Event "EU-Cup 36th"]
[Site "Struga"]
[Date "2021.09.21"]
[Round "4.6"]
[White "Blake, J Morgan"]
[Black "Putar, Slavko"]
[Result "1-0"]
[WhiteElo "2006"]
[BlackElo "1676"]
[PlyCount "65"]
[EventDate "2021.09.18"]
[EventType "team-swiss"]
[EventRounds "7"]
[EventCountry "MKD"]
[SourceTitle "CBM 204 Extra"]
[Source "ChessBase"]
[SourceDate "2021.11.30"]
[SourceVersion "1"]
[SourceVersionDate "2021.11.30"]
[SourceQuality "1"]
[WhiteTeam "Sussex Martlets"]
[BlackTeam "St Benildus"]
[WhiteTeamCountry "ENG"]
[BlackTeamCountry "IRL"]

1. e4 e6 2. d4 d5 3. Nd2 Nf6 4. e5 Nfd7 5. Bd3 c5 6. c3 Nc6 7. Ne2 cxd4 8. cxd4 f6 9. Nf4 Nb6 10. Qh5+ Kd7 11. Ng6 hxg6 12. Qxh8 Nxd4 13. 0-0 fxe5 14. Nb3 Qf6 15. Nxd4 exd4 16. Bb5+ Ke7 17. h4 Kf7 18. Bg5 Qf5 19. Rac1 Bd7 20. Rc7 e5 21. Bxd7 Nxd7 22. h5 Ke8 23. h6 gxh6 24. Bxh6 Ke7 25. Qh7+ Kd6 26. Rfc1 Bxh6 27. Qxh6 Rf8 28. Qd2 d3 29. Rxb7 Nc5 30. Rxa7 e4 31. Rxc5 Kxc5 32. Qc3+ Kd6 33. Qc7+ 1-0

[Event "Dublin St Andrews op-B"]
[Site "Dublin"]
[Date "2019.09.21"]
[Round "4"]
[White "Putar, Slavko"]
[Black "Bergin, Cian"]
[Result "1/2-1/2"]
[WhiteElo "1467"]
[BlackElo "1395"]
[PlyCount "78"]
[EventDate "2019.09.20"]
[EventType "swiss"]
[EventRounds "6"]
[EventCountry "IRL"]
[SourceTitle "EXT 2020"]
[Source "ChessBase"]
[SourceDate "2019.10.17"]
[SourceVersion "1"]
[SourceVersionDate "2019.10.17"]
[SourceQuality "1"]

1. d4 Nf6 2. c4 c5 3. d5 g6 4. Nc3 Bg7 5. Nf3 0-0 6. e4 d6 7. h3 Nbd7 8. Bf4 Nh5 9. Bg5 h6 10. Be3 Kh7 11. Qd2 b6 12. Bd3 e5 13. g4 Nhf6 14. g5 Ng8 15. h4 h5 16. Ng1 Nb8 17. f4 f5 18. gxf6 Nxf6 19. f5 Ng4 20. fxg6+ Kxg6 21. 0-0-0 Na6 22. Bg5 Qe8 23. Nh3 Nb4 24. Be2 Bd7 25. a3 Na6 26. Rhg1 Qc8 27. Be7 Bh6 28. Ng5 Rf4 29. Bxd6 Qe8 30. Bxg4 Bxg4 31. Rdf1 Rxf1+ 32. Rxf1 Rd8 33. Nb5 Nb8 34. Qf2 Nd7 35. Nc7 Qg8 36. Nce6 Bxe6 37. dxe6 Qxe6 38. Kb1 Bxg5 39. hxg5 Rg8 1/2-1/2

[Event "Krapina-ch 8th "]
[Site "Krapina"]
[Date "2018.01.20"]
[Round "4"]
[White "Putar, Slavko"]
[Black "Novak, Vjekoslav"]
[Result "1-0"]
[WhiteElo "1554"]
[BlackElo "1733"]
[PlyCount "87"]
[EventDate "2018.01.18"]
[EventType "swiss"]
[EventRounds "7"]
[EventCountry "CRO"]
[SourceTitle "EXT 2019"]
[Source "ChessBase"]
[SourceDate "2018.10.10"]
[SourceVersion "1"]
[SourceVersionDate "2018.10.10"]
[SourceQuality "1"]

1. e4 d5 2. exd5 Nf6 3. d4 c6 4. dxc6 Nxc6 5. c3 Bg4 6. Be2 Bf5 7. Nf3 Qc7 8. 0-0 e6 9. Nh4 Bg6 10. Qb3 Bd6 11. g3 Be4 12. Nd2 g5 13. Nxe4 Nxe4 14. Ng2 h5 15. d5 h4 16. dxe6 hxg3 17. exf7+ Kf8 18. fxg3 Rxh2 19. Bf4 Rxg2+ 20. Kxg2 gxf4 21. Qe6 Nxg3 22. Rfe1 Ne5 23. Qh6+ Kxf7 24. Qxf4+ Kg7 25. Qxg3+ Ng6 26. Qg4 Rf8 27. Rf1 Qc6+ 28. Bf3 Qb5 29. b3 Rf4 30. Qh3 Nh4+ 31. Kh1 Ng6 32. Rad1 Qe5 33. Qd7+ Kh6 34. Qxd6 Rh4+ 35. Kg1 Qe3+ 36. Rf2 Rf4 37. Qd2 Qe5 38. Bg2 Qc5 39. Re1 Kg5 40. Kf1 Kg4 41. Rxf4+ Nxf4 42. Qe3 Qf8 43. Qf3+ Kg5 44. Re5+ 1-0

[Event "Krapina-ch 8th "]
[Site "Krapina"]
[Date "2018.01.19"]
[Round "2"]
[White "Putar, Slavko"]
[Black "Ivekovic, Zvjezdana"]
[Result "1-0"]
[WhiteElo "1554"]
[BlackElo "1683"]
[PlyCount "75"]
[EventDate "2018.01.18"]
[EventType "swiss"]
[EventRounds "7"]
[EventCountry "CRO"]
[SourceTitle "EXT 2019"]
[Source "ChessBase"]
[SourceDate "2018.10.10"]
[SourceVersion "1"]
[SourceVersionDate "2018.10.10"]
[SourceQuality "1"]

1. d4 d5 2. c4 c6 3. Nf3 Nf6 4. cxd5 cxd5 5. g3 e6 6. Bg2 Bd6 7. 0-0 0-0 8. a3 a5 9. Nc3 Nbd7 10. Be3 Nb6 11. Qc1 a4 12. Nd2 Bd7 13. Bg5 h6 14. Bxf6 Qxf6 15. e3 Bc6 16. f4 g5 17. Ne2 Bb5 18. fxg5 Qxg5 19. Nf3 Qg6 20. Rf2 Rac8 21. Qe1 Rc2 22. Nc3 Bd3 23. Rxc2 Bxc2 24. Rc1 Nc4 25. Qe2 Bb3 26. Nh4 Qg5 27. Re1 Rc8 28. e4 Nxa3 29. exd5 Nc2 30. Ne4 Qe7 31. Rf1 f5 32. Qh5 Rd8 33. Qg6+ Qg7 34. Qxe6+ Qf7 35. Qxh6 Be7 36. Nxf5 Bxd5 37. Nxe7+ Qxe7 38. Nf6+ 1-0